Налоговый кодекс Российской Федерации; Ч. 1-2

Dades bibliogràfiques
Sumari:Исключено из фонда НТБ ТПУ
Idioma:rus
Publicat: Новосибирск, Сибирское унив. изд-во, 2007
Col·lecció:Кодексы и законы России
Format: MixedMaterials Llibre
KOHA link:https://koha.lib.tpu.ru/cgi-bin/koha/opac-detail.pl?biblionumber=183988

MARC

LEADER 00000nam0a2200000 4500
001 183988
005 20231031172027.0
010 |a 9785379003951 
035 |a (RuTPU)RU\TPU\book\199463 
035 |a RU\TPU\book\68249 
090 |a 183988 
100 |a 20100825d2007 k y0rusy50 ca 
101 0 |a rus 
102 |a RU 
105 |a y n 000zy 
200 1 |a Налоговый кодекс Российской Федерации  |h Ч. 1-2 
210 |a Новосибирск  |c Сибирское унив. изд-во  |d 2007 
215 |a 752 с. 
225 1 |a Кодексы и законы России 
333 |a Исключено из фонда НТБ ТПУ 
801 1 |a RU  |b 63413507  |c 20040528  |g PSBO 
801 2 |a RU  |b 63413507  |c 20220621  |g PSBO 
942 |c BK